|
|
|
|
| LEADER |
00000nam0a2200000 4500 |
| 001 |
297336 |
| 005 |
20231102001010.0 |
| 020 |
|
|
|a RU
|b 82-49813
|
| 035 |
|
|
|a (RuTPU)RU\TPU\book\322469
|
| 090 |
|
|
|a 297336
|
| 100 |
|
|
|a 20150608d1982 k y0rusy5003 ca
|
| 101 |
0 |
|
|a rus
|
| 102 |
|
|
|a UZ
|
| 105 |
|
|
|a a z 001zy
|
| 200 |
1 |
|
|a Теоретическое и экспериментальное исследование сверхвысокочастотного метода измерения влажности материалов
|f П. Р. Исматуллаев, А. Б. Гринвальд
|g Ташкентский политехнический институт им. А. Б. Беруни (ТашПИ)
|
| 210 |
|
|
|a Ташкент
|c Фан
|d 1982
|
| 215 |
|
|
|a 83 с.
|c ил.
|
| 320 |
|
|
|a Библиогр.: с. 78-82
|
| 606 |
1 |
|
|a Материалы
|x Влажность
|2 stltpush
|3 (RuTPU)RU\TPU\subj\41268
|9 61072
|
| 610 |
1 |
|
|a сверхвысокочастотные методы
|
| 610 |
1 |
|
|a теория
|
| 610 |
1 |
|
|a экспериментальные исследования
|
| 610 |
1 |
|
|a измерение
|
| 610 |
1 |
|
|a СВЧ-методы
|
| 610 |
1 |
|
|a точность
|
| 610 |
1 |
|
|a влагомеры
|
| 675 |
|
|
|a 621.1.016.7
|v 3
|
| 700 |
|
1 |
|a Исматуллаев
|b П. Р.
|g Патхулла Рахматович
|
| 701 |
|
1 |
|a Гринвальд
|b А. Б.
|g Александр Борисович
|
| 712 |
0 |
2 |
|a Ташкентский политехнический институт им. А. Б. Беруни (ТашПИ)
|2 stltpush
|3 (RuTPU)RU\TPU\col\6741
|
| 801 |
|
0 |
|a RU
|b RuMRKP
|c 19950704
|g psbo
|
| 801 |
|
1 |
|a RU
|b 63413507
|c 20150608
|
| 801 |
|
2 |
|a RU
|b 63413507
|c 20180528
|g RCR
|
| 942 |
|
|
|c BK
|